| 000 | 00522cam a22001337a 4500 | ||
|---|---|---|---|
| 008 | 180718b2010 xxu||||| |||| 00| 0 eng d | ||
| 082 | _aT344x54 J78H | ||
| 245 |
_aUpbhokta ke adhikaar: Ek Vivachan _cEdited by. Lalit Mohan Joshi, Naveen Kumar Sinha and Virendra Nath Misrah |
||
| 260 |
_aNew Delhi _bUpbhokta Adayan Kendra _c2010 |
||
| 300 | _a125P. | ||
| 650 | _aConsumer protection -- India | ||
| 650 | _aIndia. Consumer Protection Act. 1986 | ||
| 700 | _aJoshi, Lalit Mohan, Sinha, Naveen Kumar and Misrah, Virendra Nath | ||
| 999 |
_c503193 _d503193 |
||